Countries With A City Called "Georgetown" - Statistics

General Stats
  • This quiz has been taken 75 times
    49 since last reset
  • The average score is 5 of 7
Answer Stats
Answer % Correct
United States
98%
United Kingdom (Ascension Island)
87%
Canada
84%
Guyana
82%
Australia
71%
Malaysia
29%
St. Vincent and the Grenadines
24%
No matching quizzes found
Score Distribution
Percent of People with Each Score
Percentile by Number Answered
Your Score History
You have not taken this quiz since the last reset